|
|
|
|
| LEADER |
01015naa a2200205 i 4500 |
| 001 |
acta87191 |
| 005 |
20250505112020.0 |
| 008 |
250505s2025 hu o 100 hun d |
| 040 |
|
|
|a SZTE Egyetemi Kiadványok Repozitórium
|b hun
|
| 041 |
|
|
|a hun
|
| 100 |
1 |
|
|a Klein Kata
|
| 245 |
1 |
3 |
|a Az I-es típusú metabotróp glutamát receptorok hatása a monoszinaptikus jeltranszmisszióra rágcsáló agykérgében
|h [elektronikus dokumentum] :
|b [absztrakt] /
|c Klein Kata
|
| 260 |
|
|
|a Szegedi Tudományegyetem, Móra Ferenc Szakkollégium
|b Szeged
|c 2025
|
| 300 |
|
|
|a 29
|
| 490 |
0 |
|
|a Móra Ferenc Szakkollégium Természettudományi Konferencia
|
| 650 |
|
4 |
|a Természettudományok
|
| 650 |
|
4 |
|a Biológiai tudományok
|
| 695 |
|
|
|a Neurokémia - előadáskivonat, Elektrofiziológia - előadáskivonat, Biokémia - előadáskivonat
|
| 711 |
|
|
|a Móra Ferenc Szakkollégium Természettudományi Konferencia
|c Szeged
|d 2025. április 5.
|
| 856 |
4 |
0 |
|u http://acta.bibl.u-szeged.hu/87191/1/morakonf_2025_termtud_029.pdf
|z Dokumentum-elérés
|